A century of war : Anglo-American oil politics and the new world order

Saved in:
Bibliographic Details
Main Author: Engdahl, William
Format: Book
Language:English
Published: London : Pluto, c2004.
Edition:Revised ed.
Subjects:
Tags: Add Tag
No Tags, Be the first to tag this record!

MARC

LEADER 00000cam a2200000 i 4500
001 1/86297
008 050926s2004 enk| ||| |||| ||eng||
020 |a 074532309X 
035 |l 10080513 
040 |a GR-MyUa  |b gre  |e AACR2 
041 0 |a eng 
082 7 |a 327.117   |2 (22) 
100 1 |a Engdahl, William. 
245 1 2 |a A century of war :   |b Anglo-American oil politics and the new world order /   |c William Engdahl. 
250 |a Revised ed. 
260 |a London :   |b Pluto,   |c c2004. 
300 |a xii, 303 σ. ;   |c 22 εκ. 
504 |a Περιλαμβάνει βιβλιογραφικές παραπομπές και ευρετήριο. 
650 0 |a Petroleum industry and trade  |x Political aspects  |x History. 
650 0 |a World War, 1914-1918  |x Causes. 
650 0 |a World War, 1939-1945  |x Causes. 
650 0 |a World politics  |y 20th century. 
651 0 |a Great Britain  |x Foreign relations  |z United States. 
651 0 |a United States  |x Foreign relations  |z Great Britain. 
852 |a INST  |b RHODES  |e 20050926  |h 327.117 ENG  |p 005400022275  |q 005400022275  |t BK  |y 0 
901 |a BIBL4-2005-3 
970 |a Σιδερή  |b Νεκταρία  |z 26/09/2005